Más ética, más desarrollo (Registro nro. 55)
[ vista simple ]
| 000 -LEADER | |
|---|---|
| fixed length control field | 00863 a2200217 4500 |
| 001 - CONTROL NUMBER | |
| control field | 77 |
| 005 - DATE AND TIME OF LATEST TRANSACTION | |
| control field | 20260407155407.0 |
| 008 - FIXED-LENGTH DATA ELEMENTS--GENERAL INFORMATION | |
| fixed length control field | 260407a2006 arg spa d |
| 003 - CONTROL NUMBER IDENTIFIER | |
| control field | AR-UNSa-BCEJYS |
| 040 ## - CATALOGING SOURCE | |
| Original cataloging agency | AR-UNSa-BCEJYS |
| Language of cataloging | spa |
| Transcribing agency | AR-UNSa-BCEJYS |
| 080 ## - UNIVERSAL DECIMAL CLASSIFICATION NUMBER | |
| Universal Decimal Classification number | 17 |
| Common auxiliary subdivision | Filosofía moral. Ética. Filosofía práctica |
| 100 1# - MAIN ENTRY--PERSONAL NAME | |
| Personal name | Kliksberg, Bernardo |
| 245 10 - TITLE STATEMENT | |
| Title | Más ética, más desarrollo |
| 250 ## - EDITION STATEMENT | |
| Edition statement | 7a. ed |
| 264 #1 - PRODUCTION, PUBLICATION, DISTRIBUTION, MANUFACTURE, AND COPYRIGHT NOTICE | |
| Place of production, publication, distribution, manufacture | Buenos Aires : |
| Name of producer, publisher, distributor, manufacturer | Temas Grupo Editorial |
| Date of production, publication, distribution, manufacture, or copyright notice | 2006 |
| 300 ## - PHYSICAL DESCRIPTION | |
| Extent | 249 p. |
| Dimensions | 22 cm |
| 505 ## - FORMATTED CONTENTS NOTE | |
| Formatted contents note | 1. El impacto de la ética sobre el desarrollo - 2. Los desafíos éticos de América Latina - 3. La ética en acción - 4. Propuestas para una economía orientada por la ética |
| 590 ## - LOCAL NOTE (RLIN) | |
| Local note | niveau_biblio:m niveau_hierar:0 |
| 856 41 - ELECTRONIC LOCATION AND ACCESS | |
| Uniform Resource Identifier | <a href="https://biblioeco.unsa.edu.ar/pmb/images/libros/masetica-l117368.jpg">https://biblioeco.unsa.edu.ar/pmb/images/libros/masetica-l117368.jpg</a> |
| Link text | Imagen de portada |
| Electronic format type | image/jpeg |
| 942 ## - ADDED ENTRY ELEMENTS (KOHA) | |
| Koha item type | |
| Withdrawn status | Lost status | Damaged status | Not for loan | Home library | Current library | Shelving location | Date acquired | Total checkouts | Full call number | Barcode | Date last seen | Price effective from | Koha item type |
|---|---|---|---|---|---|---|---|---|---|---|---|---|---|
| Biblioteca Prof. Eusebio Cleto del Rey | Biblioteca Prof. Eusebio Cleto del Rey | 07/04/2026 | 17 K65 | L117368 | 07/04/2026 | 07/04/2026 | Libro | ||||||
| Biblioteca Prof. Eusebio Cleto del Rey | Biblioteca Prof. Eusebio Cleto del Rey | 07/04/2026 | 17 K65 | L117369 | 07/04/2026 | 07/04/2026 | Libro |